000 00365nam a2200133Ia 4500
008 240624s9999 xx 000 0 und d
041 _aeng
082 _a658.1 WES
100 _aWESTON J FRED
245 _aMERGERS RESTRUCTURING AND CORPORATE CONT
260 _c2009
_aNew Delhi
_bPrentice-Hall of India
300 _axxvii, : 762 : p. : cm. ; 23
365 _cRS
_b35
999 _c14826
_d14826